Quick Pick: Missing Animals in Best Pictures Quiz Stats

 Plays Quiz Updated Feb 25, 2019

Score 0/14 Timer 01:30
0 Plays Today
% Correct
Cuckoo
93.9%
Mockingbird
93.9%
Wolves
93.1%
Bull
92.9%
Lambs
92.8%
Dog
92.2%
Panther
90.8%
% Correct
Cat
90.8%
Tiger
90.7%
Deer
90.6%
Horse
89.1%
Elephant
88%
Spider
86.5%
Lion
83%

Today's Daily Dose

You're not logged in!

Compare scores with friends on all Sporcle quizzes.
OR
Log In

Show Comments

Extras

Top Quizzes Today


Score Distribution

Your Account Isn't Verified!

In order to create a playlist on Sporcle, you need to verify the email address you used during registration. Go to your Sporcle Settings to finish the process.

Report this User

Report this user for behavior that violates our Community Guidelines.

Details: